| 000 | 00638nam a2200253Ia 4500 | ||
|---|---|---|---|
| 003 | OSt | ||
| 005 | 20221005032158.0 | ||
| 006 | a|||||r|||| 00| 0 | ||
| 007 | ta | ||
| 008 | 221004b |||||||| |||| 00| 0 eng d | ||
| 020 | _a0838902596 | ||
| 024 | _a35491 | ||
| 037 | _cTextual | ||
| 040 |
_aCRL _cCRL _beng |
||
| 041 |
_2eng _aeng |
||
| 082 | _a2;14:81g, L8 | ||
| 245 | 0 | _aInternational subscription agents | |
| 250 | _a4th | ||
| 260 |
_aChicago _bAmerican Library Association _c1978 |
||
| 300 |
_a112p. _ccm. |
||
| 650 | _aLIBRARY SCIENCE | ||
| 942 |
_h2;14:81g, L8 _cTEXL _2cc |
||
| 999 |
_c939213 _d939213 |
||